LEADER 01349nam a2200289 i 4500 001 000000235547 003 CaOOAMICUS 005 20141110000000.0 008 141110s2011 it u000 u ita u 013 $a214451 020 $a978-88-7016-850-1 040 $aSeMil$bita 100 1 $aBallesio, Gabriella.$0(OLS)http://semarc/name/69099 245 10$aCarlo Lupo :$bpastore, poeta, uomo di pace /$cGabriella Ballesio ... [et al.] ; a cura di Andreas Köhn ; introduzione di Giorgio Bouchard. 260 $aTorino :$bClaudiana,$c2011. 300 $a229 p., [2] c. di tav. :$bill. ;$c21 cm. 490 0 $aLibertà e giustizia ;$v13 650 4$aLupo, Carlo .$0(OLS)http://semarc/subject/41877 700 1 $aBouchard, Giorgio,$d<1929- >.$0(OLS)http://semarc/name/51563 700 1 $aKöhn, Andreas,$c.$0(OLS)http://semarc/name/80538 830 0$aLibertà e giustizia ;$v13.$0(OLS)http://semarc/title/42062 850 $aSeMil 852 $aSeMil$W1$xVenegono$y1$m3V I 7$j185893$B185893$CSeMilBibl$Z2$F197974 $81 961 $aLascito: Serenthà don Mario 996 $6020$a978-88-7016-850-1$9(OLS)http://semarc/number/240251 996 $6245$aCarlo Lupo :$bpastore, poeta, uomo di pace$9(OLS)http://semarc/title/335798 996 $6260$aTorino :$bClaudiana$9(OLS)http://semarc/publisher/29837 LEADER 01152nam a2200253 i 4500 001 000000070077 003 CaOOAMICUS 005 20040518000000.0 008 040518s1967 it u000 u ita u 013 $a41249 040 $aSeMil$bita 100 1 $aBellonzi, Fortunato.$0(OLS)http://semarc/name/34915 245 13$aIl Divisionismo nella pittura italiana /$cdi Fortunato Bellonzi. 260 $aMilano :$bFratelli Fabbri Editori,$ccopyr. 1967. 300 $a100 p. :$briccamente ill. ;$c31 cm. 490 0 $aMensili d'arte : [scuole, movimenti, personalità della pittura moderna] ;$v13 500 $aContiene : Bibliografia. 650 4$aPittura italiana - Divisionismo.$0(OLS)http://semarc/subject/13946 830 0$aMensili d'arte : [scuole, movimenti, personalità della pittura moderna] ;$v13.$0(OLS)http://semarc/title/590 850 $aSeMil 852 $aSeMil$W1$xVenegono$y1$m5J VI 13$j36230$B36230$CSeMilBibl$Z2$F36233 $81 961 $aOmaggio: Donazione 996 $6245$aIl Divisionismo nella pittura italiana$9(OLS)http://semarc/title/112399 996 $6260$aMilano :$bFratelli Fabbri Editori$9(OLS)http://semarc/publisher/29845